根据中国传统文化要素猜两位数(阿拉伯数字) - Statistics

General Stats
  • This quiz has been taken 19 times
  • The average score is 13 of 25
Answer Stats
文化要素 数字 % Correct
正史数目 24
100%
甲子 60
100%
悟空的神通 72
95%
星宿 28
79%
斤换算为两 16
74%
武艺、兵器 18
74%
天罡 36
74%
地煞 72
74%
豆蔻年华 13
68%
罗汉、尊者 18
68%
《周易》卦象 64
68%
伦理纲常 35
63%
凌烟阁功臣 24
53%
儒家经典 45
53%
唐代扬州桥梁 24
42%
“河开”日期 79
37%
数九日数 81
37%
帝王、至尊 95
37%
律吕总数 12
32%
田七(中药) 37
32%
两汉刺史部 13
26%
帝王礼服章纹 12
11%
诗歌中汉宫数 36
11%
俞樾侠义小说 75
11%
正经+奇经 20
5%
No matching quizzes found
Score Distribution
Percent of People with Each Score
Percentile by Number Answered
Your Score History
You have not taken this quiz